书目信息 |
| 题名: |
销售的资本
|
|
| 作者: | 金克拉 著 ;王岩 译 | |
| 分册: | ||
| 出版信息: | 延吉 延边人民出版社 2002 |
|
| 页数: | 242 | |
| 开本: | 21cm | |
| 丛书名: | 现代羊皮卷 | |
| 单 册: | ||
| 中图分类: | F713.3 | |
| 科图分类: | ||
| 主题词: | 销售学 | |
| 电子资源: | ||
| ISBN: | 7-80648-838-3 | |
| 000 | 00865nam2 2200265 45 | |
| 005 | 20041009153756.38 | |
| 010 | @a7-80648-838-3@dCNY 17.00 | |
| 100 | @a20020928d2002 ekmy0chiy0121 ea | |
| 101 | 0 | @achi@ceng |
| 102 | @aCN@b220000 | |
| 105 | @aa z 000yy | |
| 200 | 1 | @a销售的资本@Axiao shou de zi ben@dTips of Marketing@e砺炼你的销售优势@f(美)金克拉著@g王岩译@zeng |
| 210 | @a延吉@c延边人民出版社@d2002 | |
| 215 | @a242@c图@d21cm | |
| 225 | 2 | @a现代羊皮卷 |
| 330 | @a本书是美国第一销售激励大师有关销售基本功的一部名作。书中,作者以最朴实的语言阐述了销售的最平常的技巧…… | |
| 410 | 0 | @12001 @a现代羊皮卷 |
| 510 | 1 | @aTips of Marketing@zeng |
| 517 | 1 | @a砺炼你的销售优势 |
| 606 | 0 | @a销售学 |
| 690 | @aF713.3@v3 | |
| 701 | 1 | @a金克拉@Ajin ke la@4著 |
| 702 | 0 | @a王岩@Awang yan@4译 |
| 801 | 0 | @aCN@bQSSKm@c20041009 |
| 905 | @a10447@dF713.3@eJ780 | |
| 销售的资本=Tips of Marketing:砺炼你的销售优势/(美)金克拉著/王岩译.-延吉:延边人民出版社,2002 |
| 242:图;21cm.-(现代羊皮卷) |
| ISBN 7-80648-838-3:CNY 17.00 |
| 本书是美国第一销售激励大师有关销售基本功的一部名作。书中,作者以最朴实的语言阐述了销售的最平常的技巧…… |
| ● |
| 相关链接 |
|
|
|
正题名:销售的资本
索取号:F713.3/J780
 
预约/预借
| 序号 | 登录号 | 条形码 | 馆藏地/架位号 | 状态 | 备注 |
| 1 | 397938 | 203979383 | 社科库409/409社科库 40排7列4层/ [索取号:F713.3/J780] | 在馆 | |
| 2 | 397939 | 203979392 | 社科库409/409社科库 40排7列4层/ [索取号:F713.3/J780] | 在馆 | |
| 3 | 397940 | 203979409 | 社科库409/ [索取号:F713.3/J780] | 在馆 |